Noms des lettres du hangeul - Statistiques

Statistiques générales
  • Ce quiz a été pris 21 fois
  • Le résultat moyen est 21 sur 40
Statistiques - réponses
groupe lettre nom % Correct
voyelle simple a | 아
100%
voyelle composée e | 에
100%
voyelle simple o | 오
100%
voyelle simple ya | 야
100%
voyelle simple eu | 으
94%
voyelle simple i | 이
94%
voyelle simple u | 우
94%
voyelle composée ye | 예
94%
voyelle simple yo | 요
94%
voyelle simple yu | 유
94%
voyelle composée ae | 애
82%
voyelle composée yae | 얘
82%
voyelle simple yeo | 여
76%
voyelle simple eo | 어
71%
voyelle composée wa | 와
71%
voyelle composée wae | 왜
71%
voyelle composée we | 웨
71%
voyelle composée wi | 위
71%
voyelle composée weo | 워
65%
voyelle composée ui | 의
59%
voyelle composée oe | 외
29%
consonne simple gieuk | 기윽
24%
consonne simple ieung | 이응
24%
consonne simple jieut | 지읒
24%
consonne simple kieuk | 키읔
24%
consonne simple mieum | 미음
24%
consonne simple nieun | 니은
24%
consonne double ssanggieuk | 쌍기윽
24%
consonne simple bieup | 비읍
18%
consonne simple chiot | 시옷
18%
consonne simple digeut | 디귿
18%
consonne simple hieut | 히읗
18%
consonne simple pieup | 피읖
18%
consonne simple rieul | 리을
18%
consonne double ssangchiot | 쌍시옷
18%
consonne double ssangdigeut | 쌍디귿
18%
consonne double ssangjieut | 쌍치읓
18%
consonne simple tchieut | 치읓
18%
consonne simple tieut | 티읕
18%
consonne double ssangbieup | 쌍비읍
12%
Aucun quiz correspondant
Distribution des résultats
% des personnes avec chaque résultat
Percentile par nombre de réponses
Votre historique - résultats
Vous n’avez pas pris ce quiz